[Event "Oberliga Ost-A 1819"]
[Site "Germany"]
[Date "2019.02.02"]
[Round "6.8"]
[White "Poessel, Christian"]
[Black "Groeger, Stefan"]
[Result "0-1"]
[WhiteElo "1993"]
[BlackElo "2116"]
[PlyCount "60"]
[EventDate "2018.10.21"]
[EventType "team-tourn"]
[EventRounds "11"]
[EventCountry "GER"]
[SourceTitle "EXT 2020"]
[Source "ChessBase"]
[SourceDate "2019.10.17"]
[SourceVersion "1"]
[SourceVersionDate "2019.10.17"]
[SourceQuality "1"]
[WhiteTeam "Aue Nickelhuette II"]
[BlackTeam "Halle USV"]
[WhiteTeamCountry "GER"]
[BlackTeamCountry "GER"]

1. d4 e6 2. Nf3 Nf6 3. c4 Bb4+ 4. Nbd2 0-0 5. a3 Be7 6. e4 d5 7. e5 Ne4 8. Qc2 f5 9. exf6 Nxf6 10. Bd3 c5 11. dxc5 Bxc5 12. b4 Bd6 13. Bb2 Nc6 14. b5 Ne7 15. Bxf6 Rxf6 16. Bxh7+ Kh8 17. Bd3 e5 18. cxd5 Nxd5 19. g3 Bg4 20. Be4 Rc8 21. Qd3 Nc3 22. 0-0 Bc5 23. Nxe5 Be2 24. Qxc3 Bxf2+ 25. Rxf2 Rxc3 26. Rxf6 Qxf6 27. Ng6+ Kg8 28. Bd5+ Kh7 29. Be4 Qd4+ 30. Kg2 Qxd2 0-1

[Event "Sachsen-ch"]
[Site "Leipzig"]
[Date "2018.11.04"]
[Round "6"]
[White "Schaefer, Konstantin"]
[Black "Poessel, Christian"]
[Result "1-0"]
[WhiteElo "1700"]
[BlackElo "2003"]
[PlyCount "109"]
[EventDate "2018.11.02"]
[EventType "swiss"]
[EventRounds "6"]
[EventCountry "GER"]
[SourceTitle "CBM 187 Extra"]
[Source "ChessBase"]
[SourceDate "2018.11.04"]
[SourceVersion "1"]
[SourceVersionDate "2018.11.04"]
[SourceQuality "1"]

1. e4 c5 2. Nf3 d6 3. d4 cxd4 4. Nxd4 Nf6 5. Nc3 a6 6. f4 e6 7. Qf3 Qc7 8. g4 Nc6 9. Be3 Nxd4 10. Bxd4 e5 11. Bf2 Bxg4 12. Qe3 Rc8 13. Be2 Bxe2 14. Nxe2 Ng4 15. Qf3 Qa5+ 16. Nc3 Nxf2 17. Kxf2 Be7 18. f5 Bd8 19. Qg4 Qb6+ 20. Kf3 Qxb2 21. Nd5 Bf6 22. Rac1 Qxa2 23. c4 Rxc4 24. Rxc4 Qxc4 25. Rd1 Qb3+ 26. Kg2 Qc2+ 27. Kh3 h5 28. Qf3 Bd8 29. Rd3 Qc8 30. Kg2 b5 31. Qg3 h4 32. Qf3 h3+ 33. Kg1 Qc1+ 34. Rd1 Qg5+ 35. Kf2 Rh4 36. Rg1 Qh6 37. Qc3 Rxe4 38. Rxg7 Qxg7 39. Qc6+ Kf8 40. Qxd6+ Kg8 41. Qxd8+ Kh7 42. Nf6+ Kh6 43. Nxe4 Qg2+ 44. Ke3 Qg1+ 45. Ke2 Qg4+ 46. Ke3 Qf4+ 47. Kd3 Qf3+ 48. Kd2 Qxe4 49. Qf6+ Kh5 50. Qxf7+ Kg5 51. Qg6+ Kf4 52. Qh6+ Kxf5 53. Qh7+ Kf4 54. Qh4+ Kf3 55. Qg3# 1-0

[Event "Sachsen-ch"]
[Site "Leipzig"]
[Date "2018.11.03"]
[Round "4"]
[White "Poessel, Christian"]
[Black "Hoffmann, Hendrik"]
[Result "1/2-1/2"]
[WhiteElo "2003"]
[BlackElo "2277"]
[PlyCount "44"]
[EventDate "2018.11.02"]
[EventType "swiss"]
[EventRounds "6"]
[EventCountry "GER"]
[SourceTitle "CBM 187 Extra"]
[Source "ChessBase"]
[SourceDate "2018.11.04"]
[SourceVersion "1"]
[SourceVersionDate "2018.11.04"]
[SourceQuality "1"]

1. c4 e6 2. Nf3 Nf6 3. g3 d5 4. Bg2 c5 5. 0-0 Be7 6. cxd5 exd5 7. d4 0-0 8. Nc3 Nc6 9. Bf4 Bg4 10. Ne5 cxd4 11. Nxg4 dxc3 12. Nxf6+ Bxf6 13. bxc3 Bxc3 14. Rb1 Qe7 15. Qxd5 Rfd8 16. Qe4 Qxe4 17. Bxe4 Re8 18. Bxc6 bxc6 19. Rfc1 Ba5 20. Kf1 Re6 21. Be3 h5 22. Rb7 Bb6 1/2-1/2

[Event "Oberliga Ost-A 1617"]
[Site "Germany"]
[Date "2016.11.20"]
[Round "3.7"]
[White "Waechter, Nathalie"]
[Black "Poessel, Christian"]
[Result "1-0"]
[WhiteElo "1974"]
[BlackElo "2004"]
[PlyCount "55"]
[EventDate "2016.10.16"]
[EventType "team-tourn"]
[EventRounds "11"]
[EventCountry "GER"]
[SourceTitle "EXT 2018"]
[Source "ChessBase"]
[SourceDate "2017.10.13"]
[SourceVersion "1"]
[SourceVersionDate "2017.10.13"]
[SourceQuality "1"]
[WhiteTeam "Magdeburg Rochade"]
[BlackTeam "Aue Nickelhuette II"]
[WhiteTeamCountry "GER"]
[BlackTeamCountry "GER"]

1. d4 Nf6 2. c4 e6 3. Nc3 Bb4 4. Qc2 c5 5. dxc5 Bxc5 6. Nf3 a6 7. e3 Nc6 8. a3 0-0 9. Be2 d5 10. cxd5 exd5 11. 0-0 Be6 12. Rd1 Qe7 13. Nd4 Rac8 14. Nxc6 Rxc6 15. Bf3 Ba7 16. Qe2 Rd8 17. Bd2 Bf5 18. Rac1 Bb8 19. g3 Re6 20. Na4 Ne4 21. Ba5 b6 22. Nxb6 Re5 23. Nc4 Re8 24. Nxe5 Qxe5 25. Bb6 Ng5 26. Rxd5 Nxf3+ 27. Qxf3 Qxb2 28. Rcd1 1-0

[Event "Oberliga Ost-A 1617"]
[Site "Germany"]
[Date "2016.10.16"]
[Round "1.8"]
[White "Poessel, Christian"]
[Black "Muekke, Jens Frieder"]
[Result "1-0"]
[WhiteElo "2004"]
[BlackElo "1969"]
[PlyCount "157"]
[EventDate "2016.10.16"]
[EventType "team-tourn"]
[EventRounds "11"]
[EventCountry "GER"]
[SourceTitle "EXT 2018"]
[Source "ChessBase"]
[SourceDate "2017.10.13"]
[SourceVersion "1"]
[SourceVersionDate "2017.10.13"]
[SourceQuality "1"]
[WhiteTeam "Aue Nickelhuette II"]
[BlackTeam "Naumburg"]
[WhiteTeamCountry "GER"]
[BlackTeamCountry "GER"]

1. e4 e6 2. d4 d5 3. Nc3 Bb4 4. e5 c5 5. a3 Bxc3+ 6. bxc3 Ne7 7. Bd3 Qa5 8. Bd2 c4 9. Bf1 Bd7 10. g3 Ba4 11. Bh3 Nbc6 12. Ne2 0-0-0 13. Nf4 Kb8 14. Nh5 g6 15. Nf6 h5 16. 0-0 Ng8 17. Nxg8 Rdxg8 18. f4 Qd8 19. Rf2 Re8 20. Bg2 h4 21. g4 h3 22. Bf1 f6 23. Rf3 Rh4 24. Rxh3 Rxh3 25. Bxh3 fxe5 26. fxe5 Qh4 27. Bg2 Rh8 28. Bf4 g5 29. Bg3 Qh7 30. Ra2 Ne7 31. Qd2 Qh6 32. Ra1 Qg6 33. Rf1 Ng8 34. Qf2 Qg7 35. Qf8+ Qxf8 36. Rxf8+ Kc7 37. Be1 Kd7 38. Bd2 Ke7 39. Rb8 Bc6 40. Bxg5+ Kf7 41. Rc8 Be8 42. Rc7+ Kg6 43. Bf4 Bc6 44. Kf2 Rh7 45. Rxh7 Kxh7 46. Bg5 Ba4 47. h4 Bxc2 48. Bd8 Nh6 49. Kg3 b5 50. Kf4 Nf7 51. Ba5 Nh6 52. Bh3 Kg7 53. h5 Bd3 54. Bb4 Nf7 55. Ba5 Kh6 56. Bg2 Ng5 57. Bb4 Ne4 58. Bxe4 Bxe4 59. Bf8+ Kh7 60. Kg5 Bf3 61. Bb4 Kg7 62. Kh4 Be4 63. g5 Kf7 64. g6+ Bxg6 65. hxg6+ Kxg6 66. Kg4 Kh6 67. Ba5 Kg6 68. Kf4 Kh5 69. Bd8 Kh6 70. Ke3 Kg6 71. Kd2 Kf5 72. Kc2 Ke4 73. Ba5 Kf5 74. Kb2 Kg6 75. a4 bxa4 76. Ka3 Kf7 77. Kxa4 Ke8 78. Kb5 Kd7 79. Kc5 1-0

[Event "Oberliga Ost-A 1516"]
[Site "Germany"]
[Date "2016.02.21"]
[Round "8.8"]
[White "Poessel, Christian"]
[Black "Duchrow, Oliver"]
[Result "1-0"]
[WhiteElo "2014"]
[BlackElo "2103"]
[PlyCount "127"]
[EventDate "2015.09.20"]
[EventType "team-tourn"]
[EventRounds "11"]
[EventCountry "GER"]
[SourceTitle "EXT 2017"]
[Source "ChessBase"]
[SourceDate "2016.10.25"]
[SourceVersion "1"]
[SourceVersionDate "2016.10.25"]
[SourceQuality "1"]
[WhiteTeam "Aue Nickelhuette II"]
[BlackTeam "Sangerhausen"]
[WhiteTeamCountry "GER"]
[BlackTeamCountry "GER"]

1. e4 e5 2. Nf3 d6 3. d4 exd4 4. Nxd4 Nf6 5. Nc3 Be7 6. Bc4 0-0 7. Bb3 Re8 8. 0-0 Nbd7 9. Re1 Nc5 10. Bc4 c6 11. Bf4 Qb6 12. Nb3 Bg4 13. Qd4 Ncd7 14. h3 Bh5 15. a4 Bg6 16. a5 Qxd4 17. Nxd4 Bf8 18. a6 b5 19. Bd3 b4 20. Na4 Rac8 21. f3 Ne5 22. Bf1 h6 23. Rad1 Nfd7 24. Bh2 Nb6 25. Nxb6 axb6 26. f4 Nd7 27. f5 Bh7 28. g4 Ne5 29. Bxe5 dxe5 30. Nf3 Rc7 31. Bc4 b5 32. Bb3 Bc5+ 33. Kf1 Kf8 34. Re2 g5 35. Red2 f6 36. Rd7 Re7 37. Rxc7 Rxc7 38. Rd8+ Kg7 39. Be6 Ra7 40. Rd7+ Rxd7 41. Bxd7 Bg8 42. b3 Kf8 43. Bxc6 Ke7 44. Bxb5 Kd8 45. Ne1 Kc7 46. Nd3 Be7 47. Nb2 Bf7 48. Ke2 Kb6 49. Kd3 h5 50. Bc4 Be8 51. Nd1 h4 52. Ne3 Bc6 53. Nd1 Bd8 54. c3 Kc5 55. cxb4+ Kxb4 56. Nc3 Bb6 57. Na2+ Ka3 58. b4 Ba4 59. Nc3 Kxb4 60. Nd5+ Kc5 61. Nxf6 Ba7 62. Nh7 Bc2+ 63. Kxc2 Kxc4 64. f6 1-0

[Event "Oberliga Ost-A 1516"]
[Site "Germany"]
[Date "2015.12.13"]
[Round "5.7"]
[White "Poessel, Christian"]
[Black "Glinzer, Christoph"]
[Result "1/2-1/2"]
[WhiteElo "2014"]
[BlackElo "2117"]
[PlyCount "148"]
[EventDate "2015.09.20"]
[EventType "team-tourn"]
[EventRounds "11"]
[EventCountry "GER"]
[SourceTitle "EXT 2017"]
[Source "ChessBase"]
[SourceDate "2016.10.25"]
[SourceVersion "1"]
[SourceVersionDate "2016.10.25"]
[SourceQuality "1"]
[WhiteTeam "Aue Nickelhuette II"]
[BlackTeam "Dresden TU II"]
[WhiteTeamCountry "GER"]
[BlackTeamCountry "GER"]

1. e4 e5 2. Nf3 Nc6 3. Bb5 Nf6 4. d3 Bd6 5. Nc3 Ne7 6. 0-0 0-0 7. d4 Ng6 8. Re1 c6 9. Bf1 Bc7 10. dxe5 Nxe5 11. Nxe5 Bxe5 12. f4 Bxc3 13. bxc3 d5 14. e5 Ne4 15. c4 f6 16. cxd5 cxd5 17. c4 Be6 18. Qd4 fxe5 19. Qxe5 Re8 20. Bb2 Nf6 21. Qd4 Bf7 22. c5 Re4 23. Qd2 Qe7 24. Rec1 Qc7 25. g3 Re7 26. Bxf6 gxf6 27. Qd4 Kg7 28. Bg2 Rae8 29. Rc2 Bg6 30. Rd2 Be4 31. Rf1 h5 32. Bh3 Qa5 33. Rb2 Rc7 34. Rc1 Ree7 35. a4 Rc6 36. Bf1 Qd8 37. Bb5 Rcc7 38. a5 Qc8 39. Bf1 h4 40. Bg2 Qg4 41. gxh4 Kh7 42. Rc3 Rg7 43. Rg3 Qxf4 44. Bxe4+ dxe4 45. Rf2 Rxg3+ 46. hxg3 Qxg3+ 47. Kf1 f5 48. Qd6 Qh3+ 49. Ke2 Qd3+ 50. Qxd3 exd3+ 51. Kxd3 Rxc5 52. Rb2 Rxa5 53. Rxb7+ Kg6 54. Ke3 Kf6 55. Rc7 Re5+ 56. Kf3 Re7 57. Rc6+ Re6 58. Rc7 a6 59. Kf4 a5 60. Ra7 Re4+ 61. Kg3 a4 62. Ra6+ Kg7 63. Ra5 Rg4+ 64. Kh3 Kg6 65. Ra8 Rb4 66. Rg8+ Kf7 67. Ra8 Rb3+ 68. Kg2 a3 69. Ra6 Ke7 70. h5 Kf7 71. h6 f4 72. Ra7+ Kg6 73. h7 Rb8 74. Rxa3 Kxh7 1/2-1/2

[Event "Oberliga Ost-A 1516"]
[Site "Germany"]
[Date "2015.11.15"]
[Round "4.8"]
[White "Poessel, Christian"]
[Black "Schuh, Ruediger"]
[Result "1-0"]
[WhiteElo "2014"]
[BlackElo "2056"]
[PlyCount "87"]
[EventDate "2015.09.20"]
[EventType "team-tourn"]
[EventRounds "11"]
[EventCountry "GER"]
[SourceTitle "EXT 2017"]
[Source "ChessBase"]
[SourceDate "2016.10.25"]
[SourceVersion "1"]
[SourceVersionDate "2016.10.25"]
[SourceQuality "1"]
[WhiteTeam "Aue Nickelhuette II"]
[BlackTeam "Hoyerswerda"]
[WhiteTeamCountry "GER"]
[BlackTeamCountry "GER"]

1. d4 Nf6 2. c4 c5 3. Nf3 e6 4. Nc3 cxd4 5. Nxd4 b6 6. e4 d6 7. Bd3 Bb7 8. 0-0 Nbd7 9. Re1 Be7 10. b3 0-0 11. Ba3 a6 12. Rc1 Rc8 13. Bb1 Re8 14. Bb2 Qc7 15. Qf3 Bf8 16. Qh3 Qb8 17. Nf3 Ne5 18. Na4 Bc6 19. Nc3 Qb7 20. Nd4 Bd7 21. f3 d5 22. f4 Bc5 23. Rcd1 Nxc4 24. bxc4 e5 25. Qh4 exd4 26. Nxd5 d3+ 27. Kh1 Nxe4 28. Rxe4 Rxe4 29. Bxd3 f5 30. Qg5 Be6 31. Nf6+ Kh8 32. Nxe4 fxe4 33. Bxe4 Qe7 34. Qe5 Bxc4 35. Qf5 Bg8 36. Rd7 Rd8 37. Rxd8 Qxd8 38. h3 Qd1+ 39. Kh2 Bf2 40. h4 Bxh4 41. Qf8 Qg4 42. Kg1 Bg3 43. Bf3 Qd7 44. Bd5 1-0

[Event "Dresden ZMD op-B 21st"]
[Site "Dresden"]
[Date "2012.08.25"]
[Round "8"]
[White "Hansch, Stephan"]
[Black "Poessel, Christian"]
[Result "1/2-1/2"]
[WhiteElo "1934"]
[BlackElo "1929"]
[PlyCount "66"]
[EventDate "2012.08.18"]
[EventType "swiss"]
[EventRounds "9"]
[EventCountry "GER"]
[SourceTitle "CBM 150 Extra"]
[Source "ChessBase"]
[SourceDate "2012.10.19"]
[SourceVersion "1"]
[SourceVersionDate "2012.10.19"]
[SourceQuality "1"]

1. d4 Nf6 2. c4 e6 3. g3 Be7 4. Bg2 d5 5. Nf3 c6 6. 0-0 0-0 7. Nbd2 Nbd7 8. Qc2 b6 9. e4 dxe4 10. Nxe4 Nxe4 11. Qxe4 Ba6 12. Qc2 Qc7 13. Bf4 Bd6 14. Bxd6 Qxd6 15. Rac1 Rac8 16. c5 Qc7 17. Rfe1 h6 18. Ne5 Nxe5 19. dxe5 Rfd8 20. f4 Bd3 21. Qc3 Ba6 22. Red1 bxc5 23. Qxc5 Qb6 24. Qxb6 axb6 25. Rxd8+ Rxd8 26. Bxc6 Rd2 27. b4 Bd3 28. a3 g5 29. Bg2 Kg7 30. Rc8 Ra2 31. Rc3 Ra1+ 32. Kf2 Ra2+ 33. Kg1 Ra1+ 1/2-1/2

[Event "Dresden ZMD op-B 21st"]
[Site "Dresden"]
[Date "2012.08.24"]
[Round "7"]
[White "Poessel, Christian"]
[Black "Schwarz, Hilmar"]
[Result "1-0"]
[WhiteElo "1929"]
[BlackElo "1756"]
[PlyCount "69"]
[EventDate "2012.08.18"]
[EventType "swiss"]
[EventRounds "9"]
[EventCountry "GER"]
[SourceTitle "CBM 150 Extra"]
[Source "ChessBase"]
[SourceDate "2012.10.19"]
[SourceVersion "1"]
[SourceVersionDate "2012.10.19"]
[SourceQuality "1"]

1. d4 d5 2. c4 e5 3. dxe5 d4 4. Nf3 Nc6 5. g3 Be6 6. b3 Qd7 7. Bg2 Be7 8. 0-0 h5 9. h4 Rd8 10. Ba3 Bh3 11. Bxe7 Ngxe7 12. Bxh3 Qxh3 13. Qd3 Qe6 14. Nbd2 Ng6 15. Ng5 Qxe5 16. Ndf3 Qe7 17. Rad1 0-0 18. Rfe1 Rfe8 19. Qf5 Rd6 20. e3 Rf6 21. Qb5 a6 22. Qa4 Nge5 23. exd4 Rxf3 24. dxe5 Nxe5 25. Rxe5 Rxg3+ 26. fxg3 Qxe5 27. Kh1 f6 28. Nh3 Qe4+ 29. Kg1 Qe3+ 30. Nf2 Re5 31. Qd7 Qxg3+ 32. Kf1 Qxh4 33. Qc8+ Kh7 34. Qxb7 Rf5 35. Qg2 1-0

[Event "Dresden ZMD op-B 21st"]
[Site "Dresden"]
[Date "2012.08.23"]
[Round "6"]
[White "Gungl, Theo"]
[Black "Poessel, Christian"]
[Result "1/2-1/2"]
[WhiteElo "1860"]
[BlackElo "1929"]
[PlyCount "117"]
[EventDate "2012.08.18"]
[EventType "swiss"]
[EventRounds "9"]
[EventCountry "GER"]
[SourceTitle "CBM 150 Extra"]
[Source "ChessBase"]
[SourceDate "2012.10.19"]
[SourceVersion "1"]
[SourceVersionDate "2012.10.19"]
[SourceQuality "1"]

1. e4 c5 2. Nf3 d6 3. d4 cxd4 4. Nxd4 Nf6 5. Nc3 a6 6. Bg5 e6 7. f4 Qb6 8. Nb3 Be7 9. Qf3 Nbd7 10. 0-0-0 Qc7 11. g4 h6 12. Bh4 g5 13. fxg5 Ne5 14. Qg3 Nfxg4 15. gxh6 Bxh4 16. Qxh4 Rxh6 17. Qg3 Bd7 18. Be2 Rg6 19. h3 Nf6 20. Qf4 0-0-0 21. Rdg1 Rdg8 22. Rxg6 Rxg6 23. h4 Nh7 24. Bh5 Rf6 25. Qg3 Qd8 26. Rd1 Qf8 27. Kb1 Bc6 28. Nd4 Kc7 29. Be2 Rg6 30. Qf2 Nf6 31. Nxc6 Nxc6 32. Qf1 Nd7 33. a3 Qg7 34. Ka2 Qf6 35. Bxa6 Qxf1 36. Bxf1 Rh6 37. Nb5+ Kb8 38. Nxd6 Nde5 39. Bb5 Rxh4 40. Kb3 Kc7 41. a4 Rf4 42. c4 Rf3+ 43. Ka2 Nb4+ 44. Ka1 Ned3 45. c5 Nxc5 46. Ne8+ Kb6 47. Nd6 Rf2 48. Nc4+ Kc7 49. Ne5 f6 50. Ng6 Nxe4 51. Ne7 Nd6 52. Ng6 e5 53. Rc1+ Nc6 54. Ne7 e4 55. Nxc6 Nxb5 56. Nd4+ Kb6 57. axb5 f5 58. Re1 Kc5 59. Ne6+ 1/2-1/2

[Event "Schneeberg op"]
[Site "Schneeberg"]
[Date "2009.03.11"]
[Round "4"]
[White "Poessel, Christian"]
[Black "Stark, Saskia"]
[Result "0-1"]
[WhiteElo "1582"]
[BlackElo "1929"]
[PlyCount "88"]
[EventDate "2009.03.09"]
[EventType "swiss"]
[EventRounds "7"]
[EventCountry "GER"]
[SourceTitle "EXT 2010"]
[Source "ChessBase"]
[SourceDate "2010.11.25"]
[SourceVersion "1"]
[SourceVersionDate "2010.11.25"]
[SourceQuality "1"]

1. d4 d5 2. c4 dxc4 3. e4 e5 4. Nf3 exd4 5. Bxc4 Nc6 6. 0-0 Be6 7. Bb5 Bc5 8. b4 Bb6 9. Bb2 Bg4 10. Qd3 Bxf3 11. Qxf3 Nge7 12. Rd1 0-0 13. Qb3 Qd6 14. a3 Ne5 15. Nd2 a6 16. Bd3 N7g6 17. g3 Nxd3 18. Qxd3 Ne5 19. Qc2 Rad8 20. Kg2 Qh6 21. Nc4 Nxc4 22. Qxc4 Qe6 23. Qxe6 fxe6 24. f4 e5 25. fxe5 Rfe8 26. Rd3 Rxe5 27. Re1 Kf7 28. Bc1 Rde8 29. Kf3 g5 30. h3 Kg6 31. Bb2 Rf8+ 32. Kg2 Rd8 33. Kf3 a5 34. Bc1 Rf8+ 35. Kg2 Rfe8 36. Kf3 axb4 37. axb4 Rb5 38. Bd2 c6 39. Re2 Rbe5 40. Bc1 Rf8+ 41. Kg2 Rb5 42. Bd2 h6 43. Be1 Rd8 44. e5 Rdd5 0-1